02192cam a22002774a 450000500170000000800410001702000150005802000150007304000290008804100080011704400080012508200200013310000320015324501370018526000440032230000760036650400530044250511130049565000310160865000120163965000380165165000360168994200150172599900150174095201590175520200104041542.0020227s2002 dcuad r 001 0 eng  a1559639369 a1559639377 aDLCcDLCdDLCdCO-BoIAVH0 aeng axxu00a333.95415bM87w1 aMorrison, Michael L.eautor10aWildlife restoration :btechniques for habitat analysis and animal monitoring /cMichael L. Morrison ; foreword by Paul R. Krausman. aWashington, DC :bIsland Press,cc2002. axix, 209 páginas :bilustraciones, gráficas y tablas ;c24 x 15 cm. aIncluye referencias bibliográficas e índice.0 a Introduction -- 1. Populations -- Population Concepts and Habitat Restoration -- Three Roads to Recovery: Breeding, Reintroduction, and Translocation -- Lessons -- 2. Habitat -- Definitions -- When to Measure -- What to Measure -- How to Measure -- Lessons -- 3. Historic Assessments -- Background -- Techniques -- Case Studies -- Lessons -- 4. A Primer on Study Design -- Scientific Methods -- Monitoring as Research -- Principles of Study Design -- Experimental Design -- Lessons -- 5. Fundamentals of Monitoring -- Definitions -- Inventory -- Monitoring -- Sampling Considerations -- Adaptive Management -- Thresholds and Trigger Points -- Lessons -- 6. Sampling Methods -- Principles -- Amphibians and Reptiles -- Birds -- Mammals -- Lessons -- 7. Designing a Reserve -- Selecting a Site -- Corridors -- Buffers -- Isolation -- Fragmentation -- Are Isolation and Fragmentation Always Bad? -- The Value of Remnant Patches -- Lessons -- 8. Wildlife Restoration: A Synthesis -- Major Messages -- Developing a Restoration Plan -- Information Gaps -- Working with Wildlife Scientists and Managers -- Lessons.24aRestauración ecológica26aHabitat26aOrdenación de la vida silvestre26aConservación de la naturaleza 2ddccLIBRO c3735d3735 00102ddc40708GENERALIINV2017aVenadobVenadod2005-12-23eAmazonl0oLB-333.95415 M87wp022673r2012-12-04 00:00:00tEj. 1w2012-12-04xComprayLIBRO